000 00532nam a2200181 i 4500
001 76928
003 ES-MaACL
005 20250911063541.0
007 t|
008 041006s1904 it ||||1| ita d
100 1 _aGumplowicz, Ludwig,
_d1838-1909
_9127643
245 1 3 _aIl concetto sociologico dello stato /
_cLudovico Gumplowicz.
260 _aTorino :
_b[s.n.],
_c1904 (
_fBaglione-Momo)
300 _aXII, 270 p. ;
_c20 cm.
650 0 7 _aEstado
_2embne
_912523
852 _aES-MaACL
_jF-6494
999 _c76928
_d76928